Statistics for Old English grammar - verbs

Click here to take the quiz!

General Stats

  • This quiz has been taken 43 times
  • The average score is 8 of 94

Answer Stats

TenseVerb% Correct
Pres ind.ic {do}
95%
Pres. subj.sg: {do}
90%
dodon
43%
Pres. subj.pl: {don}
43%
Pres ind.he {cann}
19%
Pres ind.ic {cann}
19%
Pres ind.ic {ga}
19%
Pres ind.ic {wille}
19%
Pres. subj.pl. {cunnen}
19%
Pres. subj.sg. {cunne}
19%
Pres. subj.sg. {ga}
19%
Pres. subj.sg. {wille}
19%
Pres ind.þu {cannst}
19%
can, know how tocunnan
14%
Past Part.{gedon}
14%
Pres ind.he {deð}
14%
Past ind.he {dyde}
14%
Past ind.ic {dyde}
14%
Past subj.sg: {dyde}
14%
Pres ind.þu {dest}
14%
Past ind.þu {dydest}
14%
gogan
10%
Pres ind.he {mæg}
10%
Pres ind.he {wile}
10%
Past ind.he {wisse}
10%
Pres ind.ic {mæg}
10%
Past ind.ic {wisse}
10%
Past subj.pl: {dyden}
10%
Pres. subj.pl. {gan}
10%
Pres. subj.pl. {willen}
10%
Past subj.pl. {wissen}
10%
Pres. subj.sg. {mæge}
10%
Past subj.sg. {wisse}
10%
Pres ind.þu {gæst}
10%
Pres ind.we {doð}
10%
Past Part.{gegan}
5%
Past Part.(ge){witen}
5%
Past ind.he {eode}
5%
Pres ind.he {gæð}
5%
Past ind.he {meahte}
5%
Past ind.he {wolde}
5%
Past ind.ic {eode}
5%
Past ind.ic {meaht}
5%
Past ind.ic {wolde}
5%
Past subj.pl. {eoden}
5%
Pres. subj.pl. {mægen}
5%
Pres. subj.pl. {witen}
5%
Past subj.pl. {wolden}
5%
Past subj.sg. {eode}
5%
Past subj.sg. {meahte}
5%
Pres. subj.sg. {wite}
5%
Past subj.sg. {wolde}
5%
Past ind.þu {eodest}
5%
Past ind.þu {meahtest}
5%
Pres ind.þu {wilt}
5%
Past ind.þu {wistet}
5%
Past ind.þu {woldest}
5%
Pres ind.we {cunnon}
5%
Past ind.we {dydon}
5%
Past ind.we {eodon}
5%
Pres ind.we {gað}
5%
Pres ind.we {willað}
5%
Past ind.we {wiston}
5%
want, wishwillan
5%
knowwitan
5%
Past ind.ge {cuðon}
0%
Past ind.ge {meahton}
0%
Past ind.ge {sceoldon}
0%
Past ind.ge {woldon}
0%
Past ind.he {cuðe}
0%
Pres ind.he {sceal}
0%
Past ind.he {sceolde}
0%
Pres ind.he {wat}
0%
Past ind.ic {cuðe}
0%
Pres ind.ic {sceal}
0%
Past ind.ic {sceolde}
0%
Pres ind.ic {wat}
0%
can, may, be able tomagan
0%
Past subj.pl. {cuðen}
0%
Past subj.pl. {meathen}
0%
Past subj.pl. {sceolden}
0%
Pres. subj.pl. {scylen}
0%
must, be obliged tosculan
0%
Past subj.sg. {cuðe}
0%
Past subj.sg. {sceolde}
0%
Pres. subj.sg. {scyle}
0%
Past ind.þu {cuðest}
0%
Pres ind.þu {mæht}
0%
Pres ind.þu {scealt}
0%
Past ind.þu {sceoldest}
0%
Pres ind.þu {wast}
0%
Pres ind.we {magon}
0%
Pres ind.we {sculon}
0%
Pres ind.we {witon}
0%

Score Distribution

Percentile by Number Answered

Percent of People with Each Score

Your Score History

You have not taken this quiz